000 01053cam a2200301 a 4500
001 14171590
005 20150514114341.0
008 051117t2006 nyuad frbd 001 0 eng d
020 _a0071402454
020 _a9780071402453
040 _aDLC
_cDLC
_beng
_dDLC
_dEG-ScBUE
082 0 4 _a697.9324
_bKOW
_222
100 1 _aKowalski, Wladyslaw Jan.
_938013
245 1 0 _aAerobiological engineering handbook :
_ba guide to airborne disease control technologies /
_cWladyslaw Jan Kowalski.
260 _aNew York :
_bThe McGraw-Hill Companies,
_cc.2006.
300 _axviii, 846 p. :
_bchart, tables ;
_c24 cm.
490 0 _aMcGraw-Hill handbooks
500 _aIndex : p. 821-846.
500 _aGlossary : p. 811-820.
500 _aIncludes appendices.
504 _aIncludes bibliographical references.
650 7 _aAir filters.
_2BUEsh
_938014
650 7 _aAirborne infection
_xPrevention.
_2BUEsh
_938015
650 7 _aAir
_xMicrobiology.
_2BUEsh
_938016
653 _bENGGEN
_cMay2015
655 _vreading book
_934232
942 _2ddc
_k697.9324 KOW
999 _c19353
_d19325